000
00333nam a2200157Ia 4500
003
OSt
005
20240112161557.0
008
170524s9999 xx 000 0 und d
020
_a
8122416071
040
_c
IIMT
100
_a
Gulati RR
245
0
_a
Monochrome & Colour TV
260
_b
New Age
260
_c
2008
942
_2
ddc
_c
02
999
_c
4880
_d
4880